"Assemblea come soggetto della celebrazione (L'): una verifica sui ""praenotanda"" e sui modelli celebrativi dei nuovi libr" (Record n. 63547)
[ formato base ]
| 000 -LEADER | |
|---|---|
| fixed length control field | 01056nam a2200301Ia 4500 |
| 001 - CONTROL NUMBER | |
| control field | A8365 |
| 003 - CONTROL NUMBER IDENTIFIER | |
| control field | IT-RoPAU |
| 008 - FIXED-LENGTH DATA ELEMENTS--GENERAL INFORMATION | |
| fixed length control field | 130308s9999 xx 000 0 und d |
| 040 ## - CATALOGING SOURCE | |
| Original cataloging agency | IT-RoPAU |
| 040 ## - CATALOGING SOURCE | |
| Transcribing agency | IT-RoPAU |
| 041 ## - LANGUAGE CODE | |
| Language code of text/sound track or separate title | ITALIANO |
| 999 ## - SYSTEM CONTROL NUMBERS (KOHA) | |
| Koha Dewey Subclass [OBSOLETE] | SI |
| 100 ## - MAIN ENTRY--PERSONAL NAME | |
| Personal name | Pistoia Alessandro |
| 100 ## - MAIN ENTRY--PERSONAL NAME | |
| Miscellaneous information | Codice Aut. SPICS: 23256 |
| 245 ## - TITLE STATEMENT | |
| Title | "Assemblea come soggetto della celebrazione (L'): una verifica sui ""praenotanda"" e sui modelli celebrativi dei nuovi libr" |
| 245 ## - TITLE STATEMENT | |
| Remainder of title | Ecclesiologia e Liturgia |
| 250 ## - EDITION STATEMENT | |
| Edition statement | 1a ed. |
| 260 ## - PUBLICATION, DISTRIBUTION, ETC. (IMPRINT) | |
| Place of publication, distribution, etc. | CASALE MONFERRATO |
| 260 ## - PUBLICATION, DISTRIBUTION, ETC. (IMPRINT) | |
| Name of publisher, distributor, etc. | Marietti |
| 260 ## - PUBLICATION, DISTRIBUTION, ETC. (IMPRINT) | |
| Date of publication, distribution, etc. | 1982 [1° Ed.:1982 - Ed.Ling.Originale:1981] |
| 300 ## - PHYSICAL DESCRIPTION | |
| Extent | "37 p. (prefazione: no ; testo: 37 [pagine: 90-126])" |
| 500 ## - GENERAL NOTE | |
| General note | Praenotanda dei Nuovi libri Liturgici. iniziazione Cristiana. Celebrazionesacramentale della Penitenza. Liturgia delle Ore. Assemblea Soggetto Liturgico Articolato su una Pluralità di Ministeri. |
| 650 ## - SUBJECT ADDED ENTRY--TOPICAL TERM | |
| Topical term or geographic name as entry element | SAGGI DI LITURGIA |
| 650 ## - SUBJECT ADDED ENTRY--TOPICAL TERM | |
| Relator term | Codice materia Spics: 9160 |
| 942 ## - ADDED ENTRY ELEMENTS (KOHA) | |
| Koha item type | LIBRO |
| 957 ## - | |
| -- | 1 |
| 999 ## - SYSTEM CONTROL NUMBERS (KOHA) | |
| -- | 1 |
| Withdrawn status | Lost status | Damaged status | Not for loan | Home library | Current library | Date acquired | Total Checkouts | Full call number | Date last seen | Price effective from | Koha item type | Public note |
|---|---|---|---|---|---|---|---|---|---|---|---|---|
| Buone Condizioni | Not For Loan | SPICS-MEDIATECA | SPICS-MEDIATECA | 08/03/2013 | A8365 | 08/03/2013 | 08/03/2013 | LIBRO | Progressivo inserimento: 57670 / N. Volumi: 0 [=Contributo] Copie: 1 Copia Rara: SI / data import: 1 marzo 2013 - By Epidotti, Trombetti, Vaglietti. |